Basic photographic materials and processes

Saved in:
Bibliographic Details
Main Author: SALVAGGIO, Nanette Shagam, Josh
Format: Book
Language:English
Published: Routledge 2020
Tags: Add Tag
No Tags, Be the first to tag this record!

MARC

LEADER 00000nam a22000007a 4500
008 230815b |||||||| |||| 00| 0 eng d
020 |a 9781138744370 
100 |a SALVAGGIO, Nanette  |a Shagam, Josh 
245 |a  Basic photographic materials and processes   |c / Nanette L. Salvaggio, Josh Shagam  |g xxiii, 569p;ill 
250 |b 4th 
260 |b Routledge  |c 2020  |h New York  |i 700626  |i 700627  |l TR145.Sa3  |m Photography 
500 |a it includes index 
942 |a lcc  |c BK  |e Johnson  |f 15/08/23 
952 |0 0  |1 0  |2 lcc  |4 0  |6 TR0145 S A3  |7 0  |9 4380  |a TL  |b HOL  |c QZ  |d 2023-08-15  |l 0  |o TR145.Sa3  |p 2023-0305  |r 2023-08-15 00:00:00  |t 700626  |w 2023-08-15  |y BK 
952 |0 0  |1 0  |2 lcc  |4 0  |6 TR0145 S A3  |7 0  |9 4381  |a HOL  |b HOL  |c QZ  |d 2023-08-15  |l 0  |o TR145.Sa3  |p 2023-0306  |r 2023-08-15 00:00:00  |t 700627  |w 2023-08-15  |y BK 
999 |c 2198  |d 2198